000 00656cam a22002291 4500
001 sa 63004481
003 DLC
005 20260227111949.0
008 861113s1963 ii r 000 0 eng
010 _asa 63004481
025 _aPL480:I-E-1830
035 _a(OCoLC)14706227
040 _aDLC
_cWaU
_dOCoLC
_dDLC
042 _apremarc
050 0 0 _aHD9705.I42
_bA5
110 1 _aIndia (Republic).
_bDevelopment Wing.
245 1 0 _aImport policy for actual users for machinery and equipment.
260 _a[New Delhi,
_c1963]
300 _a245 p.
_c24 cm.
650 0 _aMachinery industry
_zIndia
_vDirectories.
650 0 _aMachinery industry
_zIndia.
999 _c55675
_d55675